• 首页
  • 本馆介绍
  • 公告通知
  • 最新文献
  • 馆藏检索
  • 电子资源
  • 读者导购
  • 参考咨询
  • 我的图书馆
  • 登录
  • 详细信息显示
  • 放入我的书架
  • 预约/预借图书
  • 作者相关作品
  • 分类相关作品
  • 丛书相关作品
  • 出版社相关作品

书目信息

  • 表格格式
  • 工作单格式
  • 卡片格式
题名:
分子对称性与振动光谱选律
    
 
作者: 辛厚文 著
分册:  
出版信息: 合肥   安徽科学技术出版社  1982
页数: 159页
开本: 19cm
丛书名:
单 册:
中图分类: O561.3
科图分类:
主题词: 分子-对称 , 分子振动-光谱学 , 光谱学-分子振动 , 对称-分子
电子资源:
ISBN:
000 00711nam0 2200265 45
001 0182005629
005 20060727165102.15
010    @dCNY0.57
091    @a13200.25
100    @a19950630d1982 em y0chiy0121 ea
101 0  @achi
102    @aCN@b340000
105    @ay z 000yy
200 10 @a分子对称性与振动光谱选律@Afen zi dui chen xing yu zhen dong guang pu xuan lu@f辛厚文著
210    @a合肥@c安徽科学技术出版社@d1982
215    @a159页@d19cm
606    @a分子-对称
606    @a分子振动-光谱学
606    @a光谱学-分子振动
606    @a对称-分子
690    @aO561.3@v3
701  0 @a辛厚文@Axin hou wen@4著
801  2 @aCN@bNLC@c20060727
801  0 @aCN@bTSSF
905    @a10447@dO561.3@e43
    
    分子对称性与振动光谱选律/辛厚文著.-合肥:安徽科学技术出版社,1982
    159页;19cm
    
    
    ISBN :CNY0.57
    
●
相关链接 在E读中查询图书 在五车中查询图书 在当当中查询图书 在豆瓣中查询图书


正题名:分子对称性与振动光谱选律     索取号:O561.3/43         预约/预借

序号 登录号 条形码 馆藏地/架位号 状态 备注
1 0433810   204338109   密集书库/ [索取号:O561.3/43] 在馆    
2 0433811   204338118   密集书库/ [索取号:O561.3/43] 在馆    
唐山师范学院图书馆 欢迎您!
大连网信软件有限公司© 版权所有